|
|
|
|
| LEADER |
00000cam a2200000 c 4500 |
| 001 |
239815726 |
| 003 |
DE-627 |
| 005 |
20250611200425.0 |
| 007 |
tu |
| 008 |
980209s1998 gw ||||| 00| ||ger c |
| 015 |
|
|
|a 98,N08,0873
|2 dnb
|
| 015 |
|
|
|a 98,A32,0518
|2 dnb
|
| 016 |
7 |
|
|a 952817187
|2 DE-101
|
| 020 |
|
|
|a 3825835855
|c : DM 34.80 (kart.)
|9 3-8258-3585-5
|
| 035 |
|
|
|a (DE-627)239815726
|
| 035 |
|
|
|a (DE-576)064298418
|
| 035 |
|
|
|a (DE-599)GBV239815726
|
| 035 |
|
|
|a (OCoLC)75865947
|
| 035 |
|
|
|a (OCoLC)75865947
|
| 035 |
|
|
|a (AT-OBV)AC02308459
|
| 040 |
|
|
|a DE-627
|b ger
|c DE-627
|e rakwb
|
| 041 |
|
|
|a ger
|
| 044 |
|
|
|c XA-DE
|
| 084 |
|
|
|a 19
|a 63
|a 64
|2 sdnb
|
| 084 |
|
|
|a NQ 1800
|2 rvk
|0 (DE-625)rvk/128180:
|
| 084 |
|
|
|a 15.43
|2 bkl
|
| 084 |
|
|
|a 86.09
|2 bkl
|
| 100 |
1 |
|
|a Saul, Hans
|4 aut
|
| 245 |
1 |
4 |
|a Der Landesverrat des Adolf H.
|b rechtshistorische Untersuchung zur NS-Zeit
|c Hans Saul
|
| 263 |
|
|
|a brosch. : DM 34.80
|
| 264 |
|
1 |
|a Münster
|b Lit
|c 1998
|
| 300 |
|
|
|a 171 S.
|b Ill., graph. Darst., Kt.
|c 21 cm
|
| 336 |
|
|
|a Text
|b txt
|2 rdacontent
|
| 337 |
|
|
|a ohne Hilfsmittel zu benutzen
|b n
|2 rdamedia
|
| 338 |
|
|
|a Band
|b nc
|2 rdacarrier
|
| 490 |
1 |
|
|a Juristische Schriftenreihe
|v 99
|
| 500 |
|
|
|a Literaturverz. S. 145 - 150
|
| 583 |
1 |
|
|a Archivierung prüfen
|c 20240324
|f DE-4165
|z 2
|2 pdager
|
| 689 |
0 |
0 |
|d p
|0 (DE-588)118551655
|0 (DE-627)135435560
|0 (DE-576)208959327
|a Hitler, Adolf
|d 1889-1945
|2 gnd
|
| 689 |
0 |
1 |
|d s
|0 (DE-588)4166577-6
|0 (DE-627)105431605
|0 (DE-576)209902965
|a Landesverrat
|2 gnd
|
| 689 |
0 |
|
|5 DE-101
|
| 689 |
1 |
0 |
|d g
|0 (DE-588)4011882-4
|0 (DE-627)104704861
|0 (DE-576)208896155
|a Deutschland
|2 gnd
|
| 689 |
1 |
1 |
|d s
|0 (DE-588)4056618-3
|0 (DE-627)106154303
|0 (DE-576)209118288
|a Staat
|2 gnd
|
| 689 |
1 |
2 |
|d s
|0 (DE-588)4155572-7
|0 (DE-627)105514845
|0 (DE-576)20982011X
|a Führerprinzip
|2 gnd
|
| 689 |
1 |
3 |
|a z
|2 gnd
|a Geschichte 1933-1945
|
| 689 |
1 |
|
|5 DE-101
|
| 689 |
2 |
0 |
|d s
|0 (DE-588)4013021-6
|0 (DE-627)104682922
|0 (DE-576)208901639
|a Drittes Reich
|2 gnd
|
| 689 |
2 |
1 |
|d s
|0 (DE-588)4056618-3
|0 (DE-627)106154303
|0 (DE-576)209118288
|a Staat
|2 gnd
|
| 689 |
2 |
2 |
|d s
|0 (DE-588)4155572-7
|0 (DE-627)105514845
|0 (DE-576)20982011X
|a Führerprinzip
|2 gnd
|
| 689 |
2 |
|
|5 DE-101
|
| 830 |
|
0 |
|a Juristische Schriftenreihe
|v 99
|9 99
|w (DE-627)182606716
|w (DE-576)012950424
|w (DE-600)1220859-0
|7 am
|
| 856 |
4 |
2 |
|u https://swbplus.bsz-bw.de/bsz064298418inh.htm
|m V:DE-576
|v 2006-02-09
|3 Inhaltsverzeichnis
|7 1
|
| 889 |
|
|
|w (DE-627)273652044
|
| 935 |
|
|
|a mkri
|
| 935 |
|
|
|i Blocktest
|
| 936 |
r |
v |
|a NQ 1800
|b Hitler
|k Geschichte
|k Geschichte seit 1918
|k Drittes Reich
|k Nationalsozialismus
|k Hitler
|0 (DE-627)127142309X
|0 (DE-625)rvk/128180:
|0 (DE-576)20142309X
|
| 936 |
b |
k |
|a 15.43
|j Deutsche Geschichte des 19. Jahrhunderts bis zur Gegenwart
|0 (DE-627)181569701
|
| 936 |
b |
k |
|a 86.09
|j Rechtsgeschichte
|0 (DE-627)106413481
|
| 951 |
|
|
|a BO
|
| ELC |
|
|
|b 1
|
| LOK |
|
|
|0 000 xxxxxcx a22 zn 4500
|
| LOK |
|
|
|0 001 3233914962
|
| LOK |
|
|
|0 003 DE-627
|
| LOK |
|
|
|0 004 239815726
|
| LOK |
|
|
|0 005 19980716000000
|
| LOK |
|
|
|0 008 980310||||||||||||||||ger|||||||
|
| LOK |
|
|
|0 040
|a DE-Frei85
|c DE-627
|d DE-Frei85
|
| LOK |
|
|
|0 852
|a DE-Frei85
|
| LOK |
|
|
|0 852 1
|m p
|9 00
|
| LOK |
|
|
|0 938
|k p
|
| LOK |
|
|
|0 939
|a 10-03-98
|b l01
|
| ORI |
|
|
|a SA-MARC-krimdoka001.raw
|
| TIM |
|
|
|a 100019330101_100019451231
|b Geschichte 1933-1945
|